000 00574cab a2200169 4500
001 L130849
008 050906n2005 000 0 eng u
035 _a(Sirsi) u130849
041 _aeng
100 _aSaunders, Andrew
245 _aWho's top of the pay pile?
260 _c2005
490 _aManagement Today
_vSeptember 2005, 42-49(6)
520 _aReport on "Management Today's" biannual global salary survey which examines the best rewarded executives by role, region and sector.
690 _aCAREERS, EDUCATION AND TRAINING-SURVEYING APPOINTMENTS
942 _n0
999 _c75833
_d75833